TX SenseAbilities : a quarterly publication about visual impairments and deafblindness for families and professionals /

Bibliographic Details
Previous Title:See/hear
Corporate Authors: Texas School for the Blind and Visually Impaired, Texas. Division for Blind Services
Format: Government Document Serial
Language:English
Published: Austin, Tex. : Texas School for the Blind & Visually Impaired, 2006-
Subjects:

MARC

Tag First Indicator Second Indicator Subfields
LEADER 00000cas a2200000Ia 4500
001 in00002320002
005 20151108055931.0
008 071203c20079999txuqr s0 0eng d
035 |a (OCoLC)ocn182721749 
035 |a (OCoLC)182721749 
040 |a IKM  |c IKM  |d UtOrBLW 
049 |a IKMD 
086 |a B900.6 SE31A  |2 txdocs 
245 0 0 |a TX SenseAbilities :  |b a quarterly publication about visual impairments and deafblindness for families and professionals /  |c a collaborative effort of the Texas School for the Blind & Visually Impaired and DARS Division for Blind Services. 
246 3 0 |a TX Sense abilities 
264 1 |a Austin, Tex. :  |b Texas School for the Blind & Visually Impaired,  |c 2006- 
300 |a volumes :  |b illustrations ;  |c 28 cm. 
310 |a Quarterly 
336 |a text  |b txt  |2 rdacontent 
337 |a unmediated  |b n  |2 rdamedia 
338 |a volume  |b nc  |2 rdacarrier 
362 0 |a Vol. 1, no. 1 (spring 2007)- 
500 |a Title from caption. 
650 0 |a Deafblind children  |v Periodicals. 
650 0 |a Blind children  |v Periodicals. 
710 2 |a Texas School for the Blind and Visually Impaired. 
710 2 |a Texas. Division for Blind Services. 
780 0 0 |t See/hear  |w (OCoLC)34783519 
994 |a C0  |b IKM 
999 |a MARS 
999 f f |s f925ed33-9fd7-3eec-a866-5be6cf6099dc  |i 082168d7-71cc-3143-8052-de6e251fd95d  |t 0 
952 f f |p serial  |a Texas A&M University  |b College Station  |c Sterling C. Evans Library  |d Evans: Texas Documents (Annex 5th floor)  |t 0  |e B900.6 SE31A  |h Superintendent of Documents classification  |i unmediated -- volume  |k v.1:no.1-v.3:no.1  |l 2007:Spring-2009:Fall  |m A14836412622 
998 f f |a B900.6 SE31A  |s v.3:no.1 (2009:Winter)  |t 0  |l Evans: Texas Documents (Annex 5th floor)